02901cam a22002658i 45000010009000000050017000090080041000260100017000670200018000840350020001020400039001220410008001610600011001692450137001802600050003173000018003675052034003855460022024196500038024416500033024796500034025126500022025467000029025687000038025971966082320180405150956.0180405s2018 nju b 001 0 eng d a 2017022824 a9780190255541 a(DNLM)101706307 aCO-BoUCMcSaul NiñodSaul Niño0 aspa10aWM 17100aApplications of the unified protocol for transdiagnostic treatment of emotional disorderscedited by David H. Barlow, Todd Farchione aNew York, NYbOxford University Pressc[2018] a353 páginas0 aThe unified protocol for transdiagnostic treatment of emotional disorders : an introduction / Katherine A. Kennedy and David H. Barlow -- Transdiagnostic assessment and case formulation : rationale and application with the unified protocol / Hannah Boettcher and Laren R. Conklin -- The unified protocol for anxiety disorders / Laren R. Conklin, Todd J Farchione, and Steven Dufour -- The unified protocol for obsessive-compulsive and related disorders / Johanna Thompson-Hollands -- The unified protocol for major depressive disorder / James F. Boswell, Laren R. Conklin, Jennifer M. Oswald, and Matteo Bugatti -- The unified protocol for bipolar and comorbid disorders / Kristen K. Ellard, Emily Bernstein, Andrew A. Nierenberg, and Thilo Deckersbac -- The unified protocol for posttraumatic stress disorder / Matthew W. Gallagher -- The unified protocol for comorbid alcohol use and anxiety disorders / Todd J Farchione, Tracie M. Goodness, and Katelyn M. E. Williams -- The unified protocol for eating disorders / Christina L. Boisseau and James F. Boswell -- The unified protocol for insomnia disorder / Jacqueline R. Bullis and Shannon Sauer-Zavala -- The unified protocol for nonsuicidal and suicidal self-injury / Kate H. Bentley, Shannon Sauer-Zavala, Clair Cassiello-Robbins, and Stephanie Vento -- The unified protocol for borderline personality disorder / Shannon Sauer-Zavala, Kate H. Bentley and Julianne G. Wilner -- The unified protocol for chronic pain / Laura A. Payne -- The unified protocol for complex, highly comorbid cases / Heather Murray Latin and Clair Cassiello-Robbins -- Group treatment applications of the unified protocol / Jacqueline R. Bullis, Kate H. Bentley and Katherine A. Kennedy -- Cross-cultural applications of the unified protocol : examples from japan and colombia / Amantia Ametaj, Nina Wong Sarver, Obianujunwa Anakwenze, Masaya Ito, Michel Ratner and Ramya Potluri -- The unified protocol : future directions / Clair Cassiello-Robbins, Heather Murray Latin, and Shannon Sauer-Zavala. aTexto en inglés 0aTrastornos de ansiedad xTerapia 7aDepresión mental xTerapia 7aTerapia cognitiva xMétodos 7aPsicopatología 1 aBarlow, David H.eeditor1 aFarchione, Todd J.d1974-eeditor